| 000 | 01257nam a22003497a 4500 | ||
|---|---|---|---|
| 003 | CHAP | ||
| 005 | 20220329135923.0 | ||
| 008 | 971013s1984 r 00010 d | ||
| 010 | _a44136 | ||
| 011 | _a45108 | ||
| 035 | _a49247 | ||
| 040 | _cCHAP | ||
| 090 | _aTesis | ||
| 100 | 0 | 0 |
_aRamírez Guzmán, Martha Elva. _994045 |
| 245 | _aNuevas metodologías el análisis de curvas de crecimiento y su aplicación al problema de estabilidad en genotipos | ||
| 260 |
_aChapingo, Méx. : _bEl autor, _c1984 |
||
| 300 |
_a110 h. _b; gráfs. |
||
| 502 | _aTesis (M. C. Esp. en Estadística Experimental) -- Colegio de Postgraduados. Centro de Estadística y Cálculo | ||
| 590 |
_aALEPH _b10 _c20130110 _lUCH01 _h1313 |
||
| 590 |
_aBATCH-UPD _b10 _c20130110 _lUCH01 _h1739 |
||
| 590 |
_aBATCH-UPD _b10 _c20130410 _lUCH01 _h1118 |
||
| 590 |
_aBATCH-UPD _b10 _c20130914 _lUCH01 _h0345 |
||
| 590 |
_aCONVERSION _b10 _c20130109 _lUCH01 _h1324 |
||
| 650 | 1 | 4 |
_aAnálisis de regresión. _95974 |
| 650 | 1 | 4 |
_aAnálisis multivariado. _95990 |
| 650 | 1 | 4 |
_aCultivos _xMejoramiento. _930293 |
| 901 | _aBK | ||
| 942 | _cFOLL | ||
| 949 |
_bBC _cTES _d-111169 _eTS1 _i49247 _si |
||
| 949 |
_bBC _cTES _d-111170 _eTS2 _fc.2 _i49247 _si |
||
| 949 |
_bBC _cTES _d-111171 _eTS2 _fc.3 _i49247 _si |
||
| 999 |
_c44136 _d44136 |
||